00703nam a2200241 a 4500001001300000003000900013005001700022008004100039020000900080082001300089100002300102245002600125260004700151300000900198500003500207505003300242650002200275700002300297902000800320942000700328952011100335999001500446nice12345678IN_TiNIC20260116011658.0050524s1974 mada grp 000 0 eng  ac1000a320bCHA aChatterji, Saral K aCoalition Government. aMadrasbChristian Literature Societyc1974 a145p aincludes index and biblioraphy2 aSocial Concerns Series-No.16 aPolitical Science1 aChatterji, Saral K bSRS cBK 001040708StackRoom-aHMIbHMId2007-04-05g10.00l0o320 CHAp07174r2007-04-05v10.00w2005-05-24yBK c3361d3361